[Event "DVM U14 2022"]
[Site "Kelheim GER"]
[Date "2022.12.29"]
[Round "6"]
[White "Haubold, Sebastian"]
[Black "Wunderlich, Elias"]
[Result "1/2-1/2"]
[Termination "normal"]
[Board "1.1"]
[WhiteElo "1998"]
[BlackElo "1789"]
[WhiteClock "00:05:03"]
[BlackClock "00:02:54"]
[WhiteTeam "SG Einheit Staßfurt"]
[BlackTeam "SC Garching 1980 e.V."]
[PlyCount "77"]
[WhiteFideId "16259637"]
[BlackFideId "34608087"]
[EventCountry "GER"]
[EventRounds "7"]
[EventType "team-swiss"]
[EventDate "2022.12.26"]

1. e4 {[%clk 01:30:56]} e6 {[%clk 01:30:56]} {[%emt 00:00:07]} 2. d4 {[%clk
01:31:12]} {[%emt 00:00:10]} d5 {[%clk 01:31:23]} {[%emt 00:00:05]} 3. Nd2
{[%clk 01:31:34]} {[%emt 00:00:08]} c5 {[%clk 01:31:49]} {[%emt 00:00:04]} 4.
exd5 {[%clk 01:31:58]} {[%emt 00:00:06]} Qxd5 {[%clk 01:32:13]} {[%emt
00:00:05]} 5. Ngf3 {[%clk 01:32:21]} {[%emt 00:00:10]} cxd4 {[%clk 01:32:37]}
{[%emt 00:00:04]} 6. Bc4 {[%clk 01:32:43]} {[%emt 00:00:08]} Qd6 {[%clk
01:33:03]} {[%emt 00:00:04]} 7. O-O {[%clk 01:32:39]} {[%emt 00:00:34]} Nf6
{[%clk 01:33:27]} {[%emt 00:00:07]} 8. Nb3 {[%clk 01:33:03]} {[%emt 00:00:05]}
Nc6 {[%clk 01:33:51]} {[%emt 00:00:07]} 9. Nbxd4 {[%clk 01:33:20]} {[%emt
00:00:12]} Nxd4 {[%clk 01:34:19]} {[%emt 00:00:03]} 10. Nxd4 {[%clk 01:33:28]}
{[%emt 00:00:21]} Be7 {[%clk 01:34:42]} {[%emt 00:00:07]} 11. c3 {[%clk
01:29:35]} {[%emt 00:04:23]} O-O {[%clk 01:35:06]} {[%emt 00:00:06]} 12. Qf3
{[%clk 01:28:49]} {[%emt 00:01:16]} Qc7 {[%clk 01:35:32]} {[%emt 00:00:04]} 13.
Bd3 {[%clk 01:26:33]} {[%emt 00:02:46]} Bd7 {[%clk 01:35:17]} {[%emt 00:00:45]}
14. Re1 {[%clk 01:21:47]} {[%emt 00:05:16]} Rfe8 {[%clk 01:34:06]} {[%emt
00:01:42]} 15. Bg5 {[%clk 00:50:02]} {[%emt 00:32:14]} Rac8 {[%clk 01:01:47]}
{[%emt 00:32:48]} 16. a4 {[%clk 00:35:36]} {[%emt 00:14:57]} a5 {[%clk
00:25:22]} {[%emt 00:36:56]} 17. Bb5 {[%clk 00:32:58]} {[%emt 00:03:07]} Bxb5
{[%clk 00:25:22]} {[%emt 00:00:31]} 18. Nxb5 {[%clk 00:32:55]} {[%emt
00:00:32]} Qb6 {[%clk 00:25:32]} {[%emt 00:00:20]} 19. Bxf6 {[%clk 00:32:43]}
{[%emt 00:00:42]} Bxf6 {[%clk 00:23:18]} {[%emt 00:02:44]} 20. Rad1 {[%clk
00:32:02]} {[%emt 00:01:11]} Red8 {[%clk 00:23:04]} {[%emt 00:00:44]} 21. h3
{[%clk 00:26:13]} {[%emt 00:06:19]} Kf8 {[%clk 00:17:08]} {[%emt 00:06:23]} 22.
Qe4 {[%clk 00:23:06]} {[%emt 00:03:39]} h6 {[%clk 00:13:40]} {[%emt 00:03:59]}
23. Qf3 {[%clk 00:16:52]} {[%emt 00:06:43]} Ke7 {[%clk 00:07:55]} {[%emt
00:06:15]} 24. Kf1 {[%clk 00:14:00]} {[%emt 00:03:23]} Qc6 {[%clk 00:07:09]}
{[%emt 00:01:16]} 25. Qxc6 {[%clk 00:13:50]} {[%emt 00:00:39]} bxc6 {[%clk
00:07:29]} {[%emt 00:00:10]} 26. Na3 {[%clk 00:14:17]} {[%emt 00:00:03]} Rd5
{[%clk 00:06:44]} {[%emt 00:01:15]} 27. Rxd5 {[%clk 00:09:07]} {[%emt
00:05:41]} cxd5 {[%clk 00:06:57]} {[%emt 00:00:17]} 28. Nb5 {[%clk 00:09:22]}
{[%emt 00:00:15]} Kd7 {[%clk 00:05:54]} {[%emt 00:01:32]} 29. Ke2 {[%clk
00:09:32]} {[%emt 00:00:21]} Rc4 {[%clk 00:04:27]} {[%emt 00:01:56]} 30. b3
{[%clk 00:09:29]} {[%emt 00:00:33]} Rc5 {[%clk 00:02:56]} {[%emt 00:02:01]} 31.
Kd3 {[%clk 00:09:00]} {[%emt 00:01:00]} g6 {[%clk 00:02:13]} {[%emt 00:01:13]}
32. f4 {[%clk 00:06:18]} {[%emt 00:03:11]} Bh4 {[%clk 00:02:16]} {[%emt
00:00:28]} 33. Re3 {[%clk 00:06:32]} {[%emt 00:00:15]} Bd8 {[%clk 00:02:14]}
{[%emt 00:00:33]} 34. g4 {[%clk 00:06:32]} {[%emt 00:00:30]} Bb6 {[%clk
00:01:55]} {[%emt 00:00:49]} 35. Re2 {[%clk 00:05:40]} {[%emt 00:01:22]} Rc8
{[%clk 00:02:10]} {[%emt 00:00:15]} 36. Nd4 {[%clk 00:05:04]} {[%emt 00:01:06]}
Bxd4 {[%clk 00:02:17]} {[%emt 00:00:24]} 37. Kxd4 {[%clk 00:05:21]} {[%emt
00:00:12]} Rb8 {[%clk 00:02:40]} {[%emt 00:00:06]} 38. Rb2 {[%clk 00:05:45]}
{[%emt 00:00:07]} Kd6 {[%clk 00:02:54]} {[%emt 00:00:16]} 39. b4 {[%clk
00:05:03]} {[%emt 00:01:12]} 1/2-1/2

[Event "DVM U14 2022"]
[Site "Kelheim GER"]
[Date "2022.12.29"]
[Round "6"]
[White "Sajka, Noah"]
[Black "Haubold, Christian"]
[Result "1-0"]
[Termination "normal"]
[Board "1.2"]
[WhiteElo "1233"]
[BlackElo "1981"]
[WhiteClock "01:15:03"]
[BlackClock "00:28:53"]
[WhiteTeam "SC Garching 1980 e.V."]
[BlackTeam "SG Einheit Staßfurt"]
[PlyCount "119"]
[WhiteFideId "34608192"]
[BlackFideId "16259629"]
[EventCountry "GER"]
[EventRounds "7"]
[EventType "team-swiss"]
[EventDate "2022.12.26"]

1. e4 {[%clk 01:30:57]} {[%emt 00:00:03]} e5 {[%clk 01:30:50]} {[%emt
00:00:12]} 2. Nf3 {[%clk 01:31:20]} {[%emt 00:00:05]} Nc6 {[%clk 01:31:13]}
{[%emt 00:00:07]} 3. Bb5 {[%clk 01:31:30]} {[%emt 00:00:20]} a6 {[%clk
01:31:35]} {[%emt 00:00:08]} 4. Ba4 {[%clk 01:31:54]} {[%emt 00:00:06]} Nf6
{[%clk 01:31:56]} {[%emt 00:00:08]} 5. O-O {[%clk 01:31:43]} {[%emt 00:00:41]}
Be7 {[%clk 01:32:20]} {[%emt 00:00:06]} 6. Re1 {[%clk 01:30:54]} {[%emt
00:01:20]} b5 {[%clk 01:31:58]} {[%emt 00:00:52]} 7. Bb3 {[%clk 01:31:19]}
{[%emt 00:00:06]} O-O {[%clk 01:32:03]} {[%emt 00:00:25]} 8. c3 {[%clk
01:28:53]} {[%emt 00:02:55]} d5 {[%clk 01:30:20]} {[%emt 00:02:12]} 9. exd5
{[%clk 01:28:00]} {[%emt 00:01:23]} Nxd5 {[%clk 01:30:32]} {[%emt 00:00:19]}
10. d4 {[%emt 00:15:00]} exd4 {[%clk 01:14:37]} {[%emt 00:05:17]} 11. Nxd4
{[%clk 01:24:53]} {[%emt 00:00:14]} Nxd4 {[%clk 01:14:08]} {[%emt 00:00:59]}
12. Qxd4 {[%clk 01:25:12]} {[%emt 00:00:11]} c6 {[%clk 01:06:51]} {[%emt
00:07:47]} 13. Nd2 {[%clk 01:22:22]} {[%emt 00:03:21]} Bf6 {[%clk 00:58:01]}
{[%emt 00:09:21]} 14. Qd3 {[%clk 01:14:48]} {[%emt 00:08:03]} g6 {[%clk
00:47:41]} {[%emt 00:10:49]} 15. Nf3 {[%clk 01:11:27]} {[%emt 00:03:51]} Bf5
{[%clk 00:46:27]} {[%emt 00:01:45]} 16. Qd1 {[%clk 01:09:44]} {[%emt 00:02:11]}
Qd7 {[%clk 00:36:02]} {[%emt 00:10:57]} 17. Bh6 {[%clk 01:07:40]} {[%emt
00:02:32]} Rfe8 {[%clk 00:34:14]} {[%emt 00:02:19]} 18. Rxe8 {[%clk 01:07:12]}
{[%emt 00:00:55]} Rxe8 {[%clk 00:34:32]} {[%emt 00:00:16]} 19. Nd4 {[%clk
01:04:22]} {[%emt 00:03:19]} Bg7 {[%clk 00:22:15]} {[%emt 00:12:47]} 20. Bxg7
{[%clk 01:03:05]} {[%emt 00:01:47]} Kxg7 {[%clk 00:22:36]} {[%emt 00:00:10]}
21. Nxc6 {[%clk 00:59:54]} {[%emt 00:03:41]} Nxc3 {[%clk 00:22:37]} {[%emt
00:00:28]} 22. bxc3 {[%clk 00:59:23]} {[%emt 00:01:02]} Qxc6 {[%clk 00:22:47]}
{[%emt 00:00:20]} 23. Qd4 {[%clk 00:59:39]} {[%emt 00:00:13]} Kg8 {[%clk
00:16:53]} {[%emt 00:06:24]} 24. a4 {[%clk 00:51:25]} {[%emt 00:08:44]} Re4
{[%clk 00:13:07]} {[%emt 00:04:16]} 25. axb5 {[%clk 00:41:38]} {[%emt
00:10:17]} Qxb5 {[%clk 00:13:10]} {[%emt 00:00:26]} 26. Qd5 {[%clk 00:41:47]}
{[%emt 00:00:21]} Qe8 {[%clk 00:06:09]} {[%emt 00:07:33]} 27. Rf1 {[%clk
00:42:04]} {[%emt 00:00:12]} Re1 {[%clk 00:05:13]} {[%emt 00:01:26]} 28. Qxf7
{[%clk 00:42:24]} {[%emt 00:00:10]} Qxf7 {[%clk 00:04:57]} {[%emt 00:00:46]}
29. Bxf7 {[%clk 00:42:49]} {[%emt 00:00:05]} Kxf7 {[%clk 00:05:24]} {[%emt
00:00:03]} 30. Rxe1 {[%clk 00:43:12]} {[%emt 00:00:07]} Be6 {[%clk 00:05:28]}
{[%emt 00:00:25]} 31. f3 {[%clk 00:43:17]} {[%emt 00:00:26]} Ke7 {[%emt
00:00:38]} 32. Re4 {[%clk 00:43:28]} {[%emt 00:00:18]} Kd6 {[%clk 00:05:25]}
{[%emt 00:00:26]} 33. Kf2 {[%clk 00:43:43]} {[%emt 00:00:14]} Bf5 {[%clk
00:05:13]} {[%emt 00:00:43]} 34. Ra4 {[%clk 00:43:56]} {[%emt 00:00:17]} Bc8
{[%clk 00:05:06]} {[%emt 00:00:37]} 35. Ke3 {[%clk 00:44:11]} {[%emt 00:00:14]}
Kc5 {[%clk 00:05:15]} {[%emt 00:00:21]} 36. g4 {[%clk 00:43:44]} {[%emt
00:00:57]} Kb5 {[%clk 00:04:59]} {[%emt 00:00:47]} 37. Ra1 {[%clk 00:43:55]}
{[%emt 00:00:18]} Kc4 {[%clk 00:04:53]} {[%emt 00:00:37]} 38. Kd2 {[%clk
00:44:14]} {[%emt 00:00:11]} Kd5 {[%clk 00:02:12]} {[%emt 00:03:11]} 39. Kd3
{[%clk 00:44:18]} {[%emt 00:00:25]} Ke5 {[%clk 00:01:45]} {[%emt 00:00:58]} 40.
Ra4 {[%clk 00:44:20]} {[%emt 00:00:27]} Bb7 {[%clk 00:01:31]} {[%emt 00:00:44]}
41. f4 {[%clk 00:44:12]} {[%emt 00:00:38]} Ke6 {[%clk 00:00:37]} {[%emt
00:01:24]} 42. Kd4 {[%clk 00:43:07]} {[%emt 00:01:34]} Bc8 {[%clk 00:30:23]}
{[%emt 00:00:45]} 43. h3 {[%clk 01:13:12]} {[%emt 00:00:25]} Kd6 {[%clk
00:30:21]} {[%emt 00:00:32]} 44. c4 {[%clk 01:13:27]} {[%emt 00:00:15]} Kc6
{[%clk 00:29:33]} {[%emt 00:01:17]} 45. Ra1 {[%clk 01:12:47]} {[%emt 00:01:10]}
Kd6 {[%clk 00:29:40]} {[%emt 00:00:23]} 46. c5 {[%clk 01:12:49]} {[%emt
00:00:29]} Kc6 {[%clk 00:30:04]} {[%emt 00:00:06]} 47. Rb1 {[%clk 01:13:07]}
{[%emt 00:00:11]} Kc7 {[%clk 00:29:13]} {[%emt 00:01:21]} 48. Kd5 {[%clk
01:12:33]} {[%emt 00:01:04]} Bd7 {[%clk 00:28:39]} {[%emt 00:01:05]} 49. Rb6
{[%clk 01:12:03]} {[%emt 00:00:59]} a5 {[%clk 00:27:59]} {[%emt 00:01:10]} 50.
Ra6 {[%clk 01:12:13]} {[%emt 00:00:20]} a4 {[%clk 00:28:17]} {[%emt 00:00:12]}
51. c6 {[%clk 01:12:34]} {[%emt 00:00:09]} Bc8 {[%clk 00:28:24]} {[%emt
00:00:23]} 52. Rxa4 {[%clk 01:12:50]} {[%emt 00:00:14]} h5 {[%clk 00:28:21]}
{[%emt 00:00:33]} 53. gxh5 {[%clk 01:13:04]} {[%emt 00:00:17]} gxh5 {[%clk
00:28:49]} {[%emt 00:00:01]} 54. Kc5 {[%clk 01:13:17]} {[%emt 00:00:17]} Bxh3
{[%clk 00:28:54]} {[%emt 00:00:24]} 55. Ra7 {[%clk 01:13:41]} {[%emt 00:00:07]}
Kb8 {[%clk 00:28:03]} {[%emt 00:01:22]} 56. Rh7 {[%clk 01:13:56]} {[%emt
00:00:14]} Bg4 {[%clk 00:28:24]} {[%emt 00:00:09]} 57. Kb6 {[%clk 01:14:19]}
{[%emt 00:00:08]} h4 {[%clk 00:28:15]} {[%emt 00:00:38]} 58. Rh8 {[%clk
01:14:37]} {[%emt 00:00:13]} Bc8 {[%clk 00:28:32]} {[%emt 00:00:12]} 59. c7
{[%clk 01:15:03]} {[%emt 00:00:05]} Ka8 {[%clk 00:28:53]} {[%emt 00:00:08]} 60.
Rxc8# {[%emt 00:00:26]} 1-0

[Event "DVM U14 2022"]
[Site "Kelheim GER"]
[Date "2022.12.29"]
[Round "6"]
[White "Kuhlmann, Nils Magnus"]
[Black "Chua, Daniel James"]
[Result "1/2-1/2"]
[Termination "normal"]
[Board "1.3"]
[WhiteElo "1560"]
[BlackElo "1416"]
[WhiteClock "00:00:11"]
[BlackClock "00:12:07"]
[WhiteTeam "SG Einheit Staßfurt"]
[BlackTeam "SC Garching 1980 e.V."]
[PlyCount "75"]
[WhiteFideId "16287177"]
[BlackFideId "34608354"]
[EventCountry "GER"]
[EventRounds "7"]
[EventType "team-swiss"]
[EventDate "2022.12.26"]

1. e4 {[%clk 01:30:44]} {[%emt 00:00:16]} e5 {[%clk 01:30:54]} {[%emt
00:00:06]} 2. Nf3 {[%clk 01:30:57]} {[%emt 00:00:19]} Nc6 {[%clk 01:31:02]}
{[%emt 00:00:20]} 3. Bb5 {[%clk 01:30:35]} {[%emt 00:00:52]} Nge7 {[%clk
01:31:10]} {[%emt 00:00:22]} 4. d3 {[%clk 01:29:29]} {[%emt 00:01:37]} g6
{[%clk 01:31:19]} {[%emt 00:00:20]} 5. Bg5 {[%clk 01:27:33]} {[%emt 00:02:27]}
Bg7 {[%clk 01:31:01]} {[%emt 00:00:48]} 6. Nc3 {[%clk 01:26:31]} {[%emt
00:01:32]} h6 {[%clk 01:23:37]} {[%emt 00:07:53]} 7. Be3 {[%clk 01:24:14]}
{[%emt 00:02:48]} O-O {[%clk 01:23:11]} {[%emt 00:00:56]} 8. a3 {[%clk
01:23:45]} {[%emt 00:00:59]} f5 {[%clk 01:21:14]} {[%emt 00:02:26]} 9. Nh4
{[%clk 01:10:21]} {[%emt 00:13:53]} f4 {[%clk 01:20:21]} {[%emt 00:01:25]} 10.
Bd2 {[%clk 01:09:32]} {[%emt 00:01:19]} Kh7 {[%clk 01:17:04]} {[%emt 00:03:44]}
11. g3 {[%clk 01:05:34]} {[%emt 00:04:30]} d5 {[%clk 01:16:28]} {[%emt
00:01:06]} 12. exd5 {[%clk 01:00:32]} {[%emt 00:05:32]} Nxd5 {[%clk 01:16:43]}
{[%emt 00:00:15]} 13. Bxc6 {[%clk 01:00:49]} {[%emt 00:00:14]} bxc6 {[%clk
01:13:35]} {[%emt 00:03:38]} 14. Ne4 {[%clk 00:59:48]} {[%emt 00:01:31]} g5
{[%clk 01:07:20]} {[%emt 00:06:44]} 15. Ng2 {[%clk 00:56:14]} {[%emt 00:04:04]}
Bh3 {[%clk 01:06:47]} {[%emt 00:01:03]} 16. Rg1 {[%emt 00:08:15]} Kg6 {[%clk
00:58:42]} {[%emt 00:01:05]} 17. Qc1 {[%clk 00:48:00]} {[%emt 00:08:30]} Bxg2
{[%clk 00:52:31]} {[%emt 00:06:38]} 18. Rxg2 {[%clk 00:47:32]} {[%emt
00:00:59]} Kh7 {[%clk 00:46:38]} {[%emt 00:06:22]} 19. Bc3 {[%clk 00:42:42]}
{[%emt 00:05:22]} Qd7 {[%clk 00:42:42]} {[%emt 00:04:26]} 20. Qd2 {[%clk
00:36:45]} {[%emt 00:06:27]} Qg4 {[%clk 00:37:32]} {[%emt 00:05:40]} 21. Rg1
{[%clk 00:34:57]} {[%emt 00:02:19]} Rab8 {[%clk 00:32:38]} {[%emt 00:05:21]}
22. Rf1 {[%clk 00:22:27]} {[%emt 00:13:03]} Rb7 {[%clk 00:27:24]} {[%emt
00:05:42]} 23. Qe2 {[%clk 00:17:08]} {[%emt 00:05:51]} Qxe2 {[%clk 00:25:46]}
{[%emt 00:02:06]} 24. Kxe2 {[%clk 00:16:47]} {[%emt 00:00:53]} Nxc3 {[%clk
00:25:48]} {[%emt 00:00:28]} 25. bxc3 {[%clk 00:17:06]} {[%emt 00:00:11]} f3
{[%clk 00:23:56]} {[%emt 00:02:22]} 26. Kd2 {[%clk 00:16:56]} {[%emt 00:00:40]}
g4 {[%clk 00:24:09]} {[%emt 00:00:16]} 27. Rh1 {[%clk 00:16:56]} {[%emt
00:00:31]} h5 {[%clk 00:24:20]} {[%emt 00:00:18]} 28. h3 {[%clk 00:17:14]}
{[%emt 00:00:12]} Bh6 {[%clk 00:24:41]} {[%emt 00:00:10]} 29. Kd1 {[%clk
00:17:12]} {[%emt 00:00:32]} Rfb8 {[%clk 00:23:56]} {[%emt 00:01:13]} 30. Nd2
{[%clk 00:17:39]} {[%emt 00:00:05]} e4 {[%clk 00:23:19]} {[%emt 00:01:06]} 31.
d4 {[%clk 00:15:39]} {[%emt 00:02:31]} Re8 {[%clk 00:19:10]} {[%emt 00:04:37]}
32. hxg4 {[%clk 00:12:36]} {[%emt 00:03:35]} hxg4 {[%clk 00:18:43]} {[%emt
00:00:57]} 33. Nf1 {[%clk 00:12:25]} {[%emt 00:00:40]} Reb8 {[%clk 00:18:15]}
{[%emt 00:00:57]} 34. Nd2 {[%clk 00:12:33]} {[%emt 00:00:23]} Re8 {[%clk
00:13:11]} {[%emt 00:05:34]} 35. Nf1 {[%clk 00:07:18]} {[%emt 00:05:45]} Reb8
{[%clk 00:12:12]} {[%emt 00:01:29]} 36. Nd2 {[%clk 00:07:05]} {[%emt 00:00:44]}
Re8 {[%clk 00:12:08]} {[%emt 00:00:34]} 37. Nf1 {[%clk 00:00:32]} {[%emt
00:07:03]} Reb8 {[%clk 00:12:07]} {[%emt 00:00:30]} 38. Nd2 {[%clk 00:00:11]}
{[%emt 00:00:19]} 1/2-1/2

[Event "DVM U14 2022"]
[Site "Kelheim GER"]
[Date "2022.12.29"]
[Round "6"]
[White "Lange, Tobias"]
[Black "Schambier, Leon Elias"]
[Result "1-0"]
[Termination "normal"]
[Board "1.4"]
[WhiteElo "1472"]
[BlackElo "1306"]
[WhiteClock "00:47:49"]
[BlackClock "00:25:20"]
[WhiteTeam "SC Garching 1980 e.V."]
[BlackTeam "SG Einheit Staßfurt"]
[PlyCount "109"]
[WhiteFideId "34608281"]
[BlackFideId "34608184"]
[EventCountry "GER"]
[EventRounds "7"]
[EventType "team-swiss"]
[EventDate "2022.12.26"]

1. e4 {[%clk 01:30:59]} e5 {[%clk 01:30:44]} {[%emt 00:00:15]} 2. Nf3 {[%clk
01:31:23]} {[%emt 00:00:07]} Nc6 {[%clk 01:30:59]} {[%emt 00:00:15]} 3. Nc3
{[%clk 01:31:50]} {[%emt 00:00:02]} Nf6 {[%clk 01:31:02]} {[%emt 00:00:27]} 4.
d4 {[%clk 01:32:13]} {[%emt 00:00:06]} exd4 {[%clk 01:29:15]} {[%emt 00:02:18]}
5. Nxd4 {[%clk 01:32:37]} {[%emt 00:00:06]} Bc5 {[%clk 01:29:19]} {[%emt
00:00:26]} 6. Nxc6 {[%clk 01:32:23]} {[%emt 00:00:44]} dxc6 {[%clk 01:29:02]}
{[%emt 00:00:48]} 7. Qxd8 {[%clk 01:32:29]} {[%emt 00:00:24]} Kxd8 {[%clk
01:29:25]} {[%emt 00:00:06]} 8. Bg5 {[%clk 01:31:30]} {[%emt 00:01:28]} Be7
{[%clk 01:24:55]} {[%emt 00:05:01]} 9. O-O-O {[%clk 01:30:25]} {[%emt
00:01:35]} Bd7 {[%clk 01:24:43]} {[%emt 00:00:42]} 10. Bc4 {[%clk 01:29:24]}
{[%emt 00:01:31]} Ke8 {[%clk 01:23:21]} {[%emt 00:01:52]} 11. Bxf6 {[%clk
01:28:24]} {[%emt 00:01:30]} Bxf6 {[%clk 01:23:12]} {[%emt 00:00:39]} 12. Bxf7
{[%clk 01:28:21]} {[%emt 00:00:32]} Ke7 {[%clk 01:22:54]} {[%emt 00:00:49]} 13.
Bb3 {[%clk 01:26:04]} {[%emt 00:02:46]} b5 {[%clk 01:13:58]} {[%emt 00:09:27]}
14. f4 {[%clk 01:23:55]} {[%emt 00:02:38]} g6 {[%clk 01:11:31]} {[%emt
00:02:58]} 15. e5 {[%clk 01:23:25]} {[%emt 00:01:00]} Bg7 {[%clk 01:11:10]}
{[%emt 00:00:51]} 16. Ne4 {[%clk 01:22:10]} {[%emt 00:01:45]} a5 {[%clk
01:01:02]} {[%emt 00:10:38]} 17. a3 {[%clk 01:19:57]} {[%emt 00:02:43]} a4
{[%clk 01:00:53]} {[%emt 00:00:39]} 18. Ba2 {[%clk 01:19:54]} {[%emt 00:00:34]}
Rad8 {[%clk 00:47:40]} {[%emt 00:13:42]} 19. Nc5 {[%clk 01:18:45]} {[%emt
00:01:39]} Bg4 {[%clk 00:47:51]} {[%emt 00:00:19]} 20. Rxd8 {[%clk 01:17:30]}
{[%emt 00:01:45]} Rxd8 {[%clk 00:48:00]} {[%emt 00:00:21]} 21. h3 {[%clk
01:17:43]} {[%emt 00:00:16]} Bc8 {[%clk 00:45:25]} {[%emt 00:03:06]} 22. c3
{[%clk 01:07:06]} {[%emt 00:11:07]} Bh6 {[%clk 00:43:16]} {[%emt 00:02:39]} 23.
g3 {[%clk 01:05:43]} {[%emt 00:01:53]} Bg7 {[%clk 00:37:08]} {[%emt 00:06:39]}
24. e6 {[%clk 01:03:00]} {[%emt 00:03:12]} Bf8 {[%clk 00:31:50]} {[%emt
00:05:48]} 25. Re1 {[%clk 01:00:41]} {[%emt 00:02:47]} Ke8 {[%clk 00:27:22]}
{[%emt 00:05:00]} 26. Ne4 {[%clk 01:00:06]} {[%emt 00:01:05]} Be7 {[%clk
00:26:16]} {[%emt 00:01:36]} 27. g4 {[%clk 00:59:27]} {[%emt 00:01:09]} Rd3
{[%clk 00:25:11]} {[%emt 00:01:35]} 28. Rf1 {[%clk 00:57:14]} {[%emt 00:02:43]}
Re3 {[%clk 00:24:12]} {[%emt 00:01:29]} 29. Nd2 {[%clk 00:23:28]} {[%emt
00:34:16]} Bxe6 {[%clk 00:21:34]} {[%emt 00:03:08]} 30. Bxe6 {[%clk 00:22:57]}
{[%emt 00:01:01]} Rxe6 {[%clk 00:21:57]} {[%emt 00:00:06]} 31. Rf3 {[%clk
00:22:03]} {[%emt 00:01:25]} Bc5 {[%clk 00:15:27]} {[%emt 00:07:00]} 32. Kc2
{[%clk 00:21:40]} {[%emt 00:00:53]} Re3 {[%clk 00:14:26]} {[%emt 00:01:30]} 33.
Rxe3 {[%clk 00:20:30]} {[%emt 00:01:40]} Bxe3 {[%clk 00:14:49]} {[%emt
00:00:07]} 34. c4 {[%clk 00:20:32]} {[%emt 00:00:29]} Bxf4 {[%clk 00:14:54]}
{[%emt 00:00:25]} 35. Ne4 {[%clk 00:20:06]} {[%emt 00:00:56]} g5 {[%clk
00:12:28]} {[%emt 00:02:55]} 36. Nc3 {[%clk 00:19:48]} {[%emt 00:00:49]} Kd7
{[%clk 00:10:44]} {[%emt 00:02:13]} 37. cxb5 {[%clk 00:20:10]} {[%emt
00:00:09]} cxb5 {[%clk 00:10:36]} {[%emt 00:00:38]} 38. Nxb5 {[%clk 00:20:33]}
{[%emt 00:00:07]} Be5 {[%clk 00:10:33]} {[%emt 00:00:30]} 39. Nc3 {[%clk
00:20:49]} {[%emt 00:00:17]} Bxc3 {[%clk 00:06:57]} {[%emt 00:04:06]} 40. Kxc3
{[%clk 00:21:10]} {[%emt 00:00:08]} c5 {[%clk 00:07:19]} {[%emt 00:00:08]} 41.
b4 {[%clk 00:19:58]} {[%emt 00:01:43]} axb3 {[%clk 00:30:00]} {[%emt 00:06:13]}
42. Kxb3 Kd6 {[%clk 00:24:12]} {[%emt 00:07:23]} 43. Kc4 {[%clk 00:50:13]}
{[%emt 00:00:15]} Ke5 {[%emt 00:00:21]} 44. a4 {[%clk 00:50:18]} {[%emt
00:00:24]} Kf4 {[%clk 00:24:26]} {[%emt 00:00:27]} 45. a5 {[%clk 00:50:41]}
{[%emt 00:00:07]} Kg3 {[%clk 00:24:50]} {[%emt 00:00:06]} 46. a6 {[%clk
00:51:08]} {[%emt 00:00:03]} Kxh3 {[%clk 00:25:11]} {[%emt 00:00:08]} 47. a7
{[%clk 00:51:27]} {[%emt 00:00:11]} Kxg4 {[%clk 00:25:37]} {[%emt 00:00:05]}
48. a8=Q {[%emt 00:00:07]} h5 {[%clk 00:25:43]} {[%emt 00:00:23]} 49. Qg2
{[%clk 00:51:44]} {[%emt 00:00:36]} Kh4 {[%clk 00:25:37]} {[%emt 00:00:37]} 50.
Kxc5 {[%clk 00:51:42]} {[%emt 00:00:31]} g4 {[%clk 00:25:51]} {[%emt 00:00:16]}
51. Kd4 {[%clk 00:51:49]} {[%emt 00:00:24]} g3 {[%clk 00:25:18]} {[%emt
00:01:03]} 52. Ke3 {[%clk 00:51:08]} {[%emt 00:01:10]} Kg4 {[%clk 00:25:13]}
{[%emt 00:00:35]} 53. Qf3 {[%clk 00:51:02]} {[%emt 00:00:37]} Kh4 {[%clk
00:25:09]} {[%emt 00:00:32]} 54. Kf4 {[%clk 00:50:59]} {[%emt 00:00:35]} g2
{[%clk 00:25:20]} {[%emt 00:00:18]} 55. Qg3 {[%clk 00:47:49]} {[%emt 00:00:14]}
1-0